| 000 | 00324cam a22001217a 4500 | ||
|---|---|---|---|
| 008 | 180718b1968 xxu||||| |||| 00| 0 eng d | ||
| 082 | _aI548x54 R19 | ||
| 100 | _aChalapathi Rau, M. | ||
| 245 |
_aPress in India _cby M. Chalapathi Rau |
||
| 260 |
_aBombay _bAllied Publishers _c1968 |
||
| 300 | _a145p | ||
| 650 | _aPress --India | ||
| 999 |
_c429184 _d429184 |
||